El inspector Cadáver / (Registro nro. 395)
[ vista simple ]
| 000 -LEADER | |
|---|---|
| fixed length control field | 00944nam a22002177a 4500 |
| 003 - CONTROL NUMBER IDENTIFIER | |
| control field | OSt |
| 005 - DATE AND TIME OF LATEST TRANSACTION | |
| control field | 20260223081814.0 |
| 008 - FIXED-LENGTH DATA ELEMENTS--GENERAL INFORMATION | |
| fixed length control field | 241209s ag ||||| |||| 00| 0 spa d |
| 020 ## - INTERNATIONAL STANDARD BOOK NUMBER | |
| International Standard Book Number | 84-7223-171-2 |
| 040 ## - CATALOGING SOURCE | |
| Transcribing agency | AR-RoUNCS |
| Original cataloging agency | AR-RoUNCS |
| 080 ## - UNIVERSAL DECIMAL CLASSIFICATION NUMBER | |
| Authority record control number or standard number | 82-312.4(44) |
| 100 1# - MAIN ENTRY--PERSONAL NAME | |
| Personal name | Simenon, Georges, |
| Dates associated with a name | 1903-1989, |
| Relator term | autor |
| 245 13 - TITLE STATEMENT | |
| Title | El inspector Cadáver / |
| Statement of responsibility, etc. | Georges Simenon ; traducción de Joaquín Jordá. |
| 260 ## - PUBLICATION, DISTRIBUTION, ETC. | |
| Place of publication, distribution, etc. | Barcelona : |
| Name of publisher, distributor, etc. | Tusquets, |
| Date of publication, distribution, etc. | 1996. |
| 300 ## - PHYSICAL DESCRIPTION | |
| Extent | 209 p. |
| 490 0# - SERIES STATEMENT | |
| Series statement | Maigret Tusquets Editores |
| 520 3# - SUMMARY, ETC. | |
| Summary, etc. | Una noche de invierno un joven muere arrollado por un tren. ¿Accidente o asesinato? Como todos los lugareños acusan al rico ganadero Etienne Naud, éste pide ayuda a su cuñado, un juez que trabaja en París. Sin pérdida de tiempo, el juez ruega al célebre comisario Maigret que demuestre la inocencia de Naud. |
| 650 #7 - SUBJECT ADDED ENTRY--TOPICAL TERM | |
| Topical term or geographic name entry element | Literatura francesa |
| Source of heading or term | embne |
| 655 #7 - INDEX TERM--GENRE/FORM | |
| Source of term | embne |
| Genre/form data or focus term | Novelas policiacas |
| 942 ## - ADDED ENTRY ELEMENTS (KOHA) | |
| Source of classification or shelving scheme | Universal Decimal Classification |
| Koha item type | Obra General |
| Suppress in OPAC | No |
| Withdrawn status | Lost status | Source of classification or shelving scheme | Damaged status | Not for loan | Collection | Home library | Current library | Date acquired | Total checkouts | Full call number | Barcode | Date last seen | Price effective from | Koha item type |
|---|---|---|---|---|---|---|---|---|---|---|---|---|---|---|
| Universal Decimal Classification | Colección General | Biblioteca Escuela de Ciencias Sociales | Biblioteca Escuela de Ciencias Sociales | 09/12/2024 | 82-312.4(44) SI589 | 000378 | 09/12/2024 | 09/12/2024 | Obra General |